02619 2200289 4500001002100000005001500021035002000036008004100056020001800097082001700115084002300132100003000155245005100185250000600236300005600242650002700298502002300325504002800348505020700376520159900583651001902182264004302201336002102244337003002265338002302295990001102318INLIS00000000002380420260422102458 a0010-0426000001260422 g 0 ind  a9786237400073 aR.959.842 03 aR.959.842 03 KUS e0 aKusnadi WasrieePengarang1 aEnsiklopedia Indonesia Provinsi Sulawesi Utara aI avi + 154 halaman :bIlustrasi [warna] ;c21 x 29 cm 4aEnsiklopedia Indonesia aIndeks:147 halaman aBibliografi:149 halaman a1. Letak Astronomis dan Geografis 2. Alam 3. Iklim 4.Data Fisik dan Keadaan 5. Sejarah 6. Pahlawan 7. Pembagian Wilayah Administrasi 8. Penduduk 9. Seni dan Budaya 10. Permainan Tradisional aIndonesia merupakan negara yang kaya, dilihat dari sosial budayanya (suku bangsa, bahasa daerah, adat istiadat, dan lainnya) maupun dilihat dari sumber daya alam yang dimilikinya (panorama alam yang indah, hutan satwa, barang tambang, dan lainnya). Sebagai bagian dari bangsa Indonesia, sudah sepatutnya kita mensyukuri kekayaan alam dan sosial budaya yang dimiliki oleh negara kita tercinta Indonesia. Namun, masih banyak dari kita yang belum tahu bagaimana dan apa saja kekayaan alam serta sosial budaya dimiliki Indonesia. Buku Ensiklopedia Indonesia ini disusun sesuai dengan jumlah provinsi yang ada di Indonesia saat ini, yaitu 34 provinsi. Di mana pada setiap provinsi berisikan uraian dan keterangan serta gambar yang memuat segala hal yang berkaitan atau berhubungan dengan nama ibu kota provinsi, dasar hukum terbentuknya provinsi, luas wilayah, batas wilayah, jumlah penduduk, agama yang ada, mata pencaharian penduduk, sumber daya alam yang dimiliki, sosial budaya seperti nama dan bentuk rumah adat, busana atau pakaian tradisional, senjata tradisional, kesenian, dan budaya tradisional. Buku Ensiklopedia Indonesia ini memberikan gambaran dan wawasan kepada pembaca untuk lebih tahu dan mengenal kekayaan bangsa Indonesia yang perlu dilestarikan karena merupakan warisan leluhur. Pada edisi kali ini, buku ini akan membahas secara detail mengenai provinsi Sulawesi Utara dan kekayaan budaya yang ada di dalamnya. Buku ini tentunya bermanfaat bagi kita semua dan semakin menambah wawasan serta pengetahuan kita terhadap negara Indonesia sehingga kita semakin mencintai negara ini. 4aSulawesi Utara aYogyakarta :bPUSTAKA REFERENSI,c2023 2rdacontentaTeks 2rdamediaaTanpa Perantara 2rdacarrieraLembar a078278